export_success — 

Romancing the customs : maximizing brand value through powerful relationship management.

Bibliographic Details
Main Author: Temporal
Other Authors: Trott,
Format: Book
Published: Singapore: John Wiley[Asia], 2001.
Subjects:
LEADER 00571cam a2200181 7i4500
001 0000021504
005 20080804090000.0
020 0 0 |a 0-471-84615-5  
090 0 0 |a B 658.827   |b TEM 
100 2 0 |a Temporal  
245 2 0 |a Romancing the customs :   |b maximizing brand value through powerful relationship management. 
260 0 0 |a Singapore:   |b John Wiley[Asia],   |c 2001. 
300 # # |a 211 p. 
650 0 0 |a Relationship marketing  
650 0 0 |a Branding  
650 0 0 |a Brand name products --   |x marketing  
700 2 1 |a Trott,   |h Martin  
999 |a 0000022567  |b Book  |c Book  |e Business Information Centre